| 000 | 00607cam a22002412 4500 | ||
|---|---|---|---|
| 001 | 0000019171 | ||
| 005 | 20151217152147.0 | ||
| 008 | 101018s xx 000 0 eng d | ||
| 020 | _a | ||
| 040 |
_aKABU _cKABU |
||
| 100 | 1 | _a | |
| 245 | 1 | 0 |
_aLaw and development in the third world / _cedited by Yash Vyas ... [et al.] |
| 250 | _a | ||
| 260 |
_aNairobi : _bUniversity of Nairobi, Faculty of Law, _c1994. |
||
| 300 | _a | ||
| 500 | _aPhotocopy. | ||
| 505 | 8 | _aPages. | |
| 650 | 0 |
_a _z |
|
| 700 | 1 |
_aVyas, Yash. _@0000178813 |
|
| 700 | 1 | _a | |
| 908 | _a101018 | ||
| 999 |
_c8855 _d8855 |
||